Capillariids parasitic in birds in the Palaearctic region (4) genera Pterothominx and Aonchotheca /

Hlavní autor: Baruš, Vlastimil, 1935-2014
Další autoři: Sergejeva, Tamara Petrovna
Jazyk: Angličtina
Vydáno: Praha : Academia, 1990
Edice: Přírodovědné práce ústavů Československé akademie věd v Brně
Témata:
Fyzický popis: 48 s. : il. ; 24 cm
Knihy
Uloženo v:
LEADER 01101nam a2200289 a 4500
001 000270112
003 CZ BrMZK
005 20060404151118.0
008 980115s1990 xr f eng d
015 |a cnb000059986 
035 |a (OCoLC)23302601 
040 |a BOA001  |b cze 
080 |a 595.132  |2 MRF 
100 1 |a Baruš, Vlastimil,  |d 1935-2014  |7 jk01011023  |4 aut 
245 1 0 |a Capillariids parasitic in birds in the Palaearctic region (4) genera Pterothominx and Aonchotheca /  |c Vlastimil Baruš, Tamara Petrovna Sergejeva. 
260 |a Praha :  |b Academia,  |c 1990 
300 |a 48 s. :  |b il. ;  |c 24 cm 
490 1 |a Přírodovědné práce ústavů Československé akademie věd v Brně ;  |v N.S., 24, 1990, 12 
500 |a Bibliogr. 
653 0 |a aonchotheca  |a hlístice  |a kapiláriovití  |a pterothominx 
700 1 |a Sergejeva, Tamara Petrovna  |7 jx20050805045  |4 aut 
830 0 |a Přírodovědné práce ústavů Československé akademie věd v Brně 
910 |a BOA001  |b 03706-0611.753 
964 |a Kapiláriovití  |x studie 
964 |a Pterothominx  |x studie 
964 |a Aonchotheca  |x studie 
990 |a BK